<The> Struggle for Slovakia and the treaty of Trianon 1918-1920

Salvato in:
Dettagli Bibliografici
Autore principale: Hronský, Marián
Natura: Libro
Lingua:inglese
Pubblicazione: Bratislava VEDA 2001
Soggetti:
Tags: Aggiungi Tag
Nessun Tag, puoi essere il primo ad aggiungerne!!

MARC

LEADER 00000nam a2200000 4500
001 c139514
005 20221124105425.0
020 |a 80-224-0677-5 
041 0 |a eng 
044 |a SK 
245 1 0 |a <The> Struggle for Slovakia and the treaty of Trianon  |b 1918-1920  |c Marian Hronský 
264 1 |a Bratislava  |b VEDA  |c 2001 
300 |a 407 s. 
610 2 0 |a dejiny 
610 2 0 |a história 
610 2 0 |a Slovensko 
610 2 0 |a 1918-1920 
610 2 0 |a Česko 
610 2 0 |a Československo 
610 2 0 |a dohody medzinárodné 
610 2 0 |a zmluvy medzinárodné 
100 1 |a Hronský, Marián